| 000 | 00676nam a2200217Ia 4500 | ||
|---|---|---|---|
| 005 | 20220929115254.0 | ||
| 008 | 131103s9999 xx 000 0 und d | ||
| 020 |
_a333608046 _cRs 430 |
||
| 040 | _aLoreto College | ||
| 041 | _aEnglish | ||
| 082 |
_a821.809 _bBRI |
||
| 245 |
_aVictorian women poets _b Emily Bronte, Elizabeth Barrett Browning, Christina Rossetti _cEdited by Joseph Bristow |
||
| 260 |
_aHampshire and London _bPalgrave _c1995 |
||
| 300 | _aix,256p | ||
| 440 | _aNew Casebooks | ||
| 504 | _aIncludes bibliographical references and index | ||
| 650 | _aWomen Poets-Victorian Period | ||
| 700 | _aBristow, Joseph, ed | ||
| 850 | _aLCLIB | ||
| 942 | _cBK | ||
| 999 |
_c19006 _d69485 |
||